| 000 | 00943cam a2200289 i 4500 | ||
|---|---|---|---|
| 001 | 2660180 | ||
| 003 | EG-ScBUE | ||
| 005 | 20240702085336.0 | ||
| 008 | 721107t1953 nyu f0 000 0 engeng d | ||
| 020 | _a0394475801 | ||
| 040 |
_aDLC _beng _erda _cDLC _dDLC _dEG-ScBUE |
||
| 043 | _an-us--- | ||
| 082 | 0 | 4 |
_a973.918 _bSTO _222 |
| 100 | 1 |
_aStone, I. F. _q(Isidor Feinstein), _d1907-1989, _eauthor. _99988 |
|
| 245 | 1 | 4 |
_aThe truman era / _cby I. F. Stone ; introduction by Robert Sklar. |
| 264 | 1 |
_aNew York : _bRandom House, _c[1953] |
|
| 264 | 4 | _cc1953 | |
| 300 |
_axxix, 226 pages ; _c19 cm |
||
| 336 |
_2rdacontent _atext _btxt |
||
| 337 |
_aunmediated _2rdamedia _bn |
||
| 338 |
_avolume _bnc _2rdacarrier |
||
| 651 | 7 |
_aUnited States _xHistory _y1945-1953. _2BUEsh _99989 |
|
| 651 | 7 |
_aUnited States _xPolitics and government _y1945-1953. _2BUEsh _99990 |
|
| 655 | _vReading book | ||
| 942 |
_2ddc _cBB |
||
| 999 |
_c13048 _d13048 |
||